[Event "Indywidualne Mistrzostwa Polski do lat 20"]
[Site "Osrodek „SUDETY”, Pokrzywna 75"]
[Date "1899-12-30"]
[Round "1.25"]
[White "Sowinski, Pawel"]
[Black "Golis, Wiktor"]
[Result "0-1"]
[WhiteTitle "I++"]
[BlackTitle "I"]
[WhiteElo "2075"]
[BlackElo "1553"]

1. e4 c5 2. Nf3 d6 3. Bb5+ Nd7 4. c4 Ngf6 5. Nc3 g6 6. O-O Bg7 7. d4 cxd4 8. Qxd4
O-O 9. Bxd7 Nxd7 10. Qe3 Nc5 11. Bd2 a5 12. Rfd1 Be6 13. b3 a4 14. Rab1 axb3 15.
axb3 f5 16. Ng5 Bd7 17. b4 Nxe4 18. Ncxe4 fxe4 19. c5 d5 20. Be1 e6 21. f4 h6
22. Nxe4 dxe4 23. Qxe4 Qe8 24. Qxb7 Bc6 25. Qc7 Ra2 26. Rd2 Rxd2 27. Bxd2 Bd4+
28. Kh1 Qa8 29. h4 Bxg2+ 30. Kh2 Qf3 0-1

[Event "Indywidualne Mistrzostwa Polski do lat 20"]
[Site "Osrodek „SUDETY”, Pokrzywna 75"]
[Date "1899-12-30"]
[Round "2.1"]
[White "Mis, Mieszko"]
[Black "Leskiewicz, Ignacy"]
[Result "1-0"]
[WhiteTitle "FM"]
[BlackTitle "k"]
[WhiteElo "2417"]
[BlackElo "2177"]

1. d4 e6 2. c4 b6 3. e4 Bb7 4. Bd3 Bb4+ 5. Bd2 a5 6. Nf3 Ne7 7. Nc3 Bxc3 8. Bxc3
d5 9. Qe2 Nd7 10. Rd1 dxe4 11. Bxe4 Bxe4 12. Qxe4 Nf6 13. Qc2 c6 14. O-O Qc7 15.
Rfe1 O-O 16. b3 b5 17. Qb2 Qf4 18. d5 bxc4 19. dxe6 cxb3 20. exf7+ Rxf7 21. Ne5
Ng4 22. g3 Qf5 23. Nxf7 Kxf7 24. Qxb3+ Kg6 25. Qe6+ Qxe6 26. Rxe6+ Kf7 27. Re4
Nf6 28. Bxf6 gxf6 29. Rd7 Re8 30. Ra7 f5 31. Re5 Kf6 32. f4 1-0

[Event "Indywidualne Mistrzostwa Polski do lat 20"]
[Site "Osrodek „SUDETY”, Pokrzywna 75"]
[Date "1899-12-30"]
[Round "2.2"]
[White "Jarzebowski, Kacper"]
[Black "Psyk, Radoslaw"]
[Result "0-1"]
[WhiteTitle "k+"]
[BlackTitle "k++"]
[WhiteElo "2148"]
[BlackElo "2412"]

1. Nf3 d5 2. c4 d4 3. d3 Nc6 4. g3 e5 5. Bg2 Nf6 6. O-O a5 7. Na3 Bc5 8. Nc2 O-O
9. Bd2 Re8 10. a3 a4 11. e3 h6 12. exd4 exd4 13. Nb4 Bd7 14. Nxc6 Bxc6 15. Re1
Nd7 16. Bb4 Qf6 17. Nd2 Rxe1+ 18. Qxe1 Bxg2 19. Kxg2 Qb6 20. Nf3 Bf8 21. Bxf8
Nxf8 22. Qb4 Qc6 23. Qb5 Ne6 24. Rc1 Ra6 25. Qxc6 Rxc6 26. Kf1 Rb6 27. Rc2 c5
28. Ke1 f6 29. Kd1 Kf7 30. Re2 g5 31. Kc2 Kg6 32. h4 Kf7 33. Re1 Ng7 34. hxg5
hxg5 35. Nd2 Re6 36. Ne4 b6 37. b4 axb3+ 38. Kxb3 Kg6 39. g4 Re8 40. Rh1 Ne6 41.
Nd6 Ra8 42. Re1 Nf4 43. Re7 f5 44. gxf5+ Kf6 45. Rb7 Nxd3 46. Rxb6 Ke5 47. f3
Ne1 48. Ne4 d3 49. f6 Nxf3 50. Nxc5 Nd4+ 51. Kb4 d2 52. Nd3+ Kf5 53. Nb2 g4 54.
Kc3 g3 55. Nd1 g2 56. Ne3+ Ke4 0-1

[Event "Indywidualne Mistrzostwa Polski do lat 20"]
[Site "Osrodek „SUDETY”, Pokrzywna 75"]
[Date "1899-12-30"]
[Round "2.3"]
[White "Pacan-milej, Kosma"]
[Black "Malek, Jan"]
[Result "1-0"]
[WhiteTitle "FM"]
[BlackTitle "I++"]
[WhiteElo "2401"]
[BlackElo "2149"]

1. d4 d5 2. c4 dxc4 3. Nf3 Nf6 4. e3 c5 5. Bxc4 e6 6. O-O a6 7. b3 cxd4 8. Nxd4
Be7 9. Bb2 O-O 10. Be2 b5 11. a4 bxa4 12. Rxa4 Bb7 13. Bf3 Bxf3 14. Qxf3 Qd5 15.
Nd2 Nbd7 16. Rfa1 Qxf3 17. gxf3 Nc5 18. Nc6 Rfe8 19. Nxe7+ Rxe7 20. Ra5 Rc7 21.
b4 Nd3 22. Bxf6 gxf6 23. b5 Nc5 24. bxa6 Raa7 25. Rc1 Rd7 26. Rcxc5 Rxd2 27. Ra4
f5 28. Kg2 Kg7 29. Kg3 Rd6 30. Rca5 Rd3 31. Ra3 Rd2 32. e4 Kg6 33. h4 f6 34. exf5+
exf5 35. R3a4 Rb2 36. Ra2 Rb4 37. R5a4 Rb1 38. Kf4 Rb5 39. Ke3 Rd5 40. Rd4 Rb5
41. Rd6 Rb4 42. Rd4 Rb6 43. Rda4 Rd6 44. Ra1 Rd5 45. Kf4 Rb5 46. h5+ Kxh5 47.
Rg1 Kh6 48. Rg2 Kh5 49. Ra1 Rb4+ 50. Kxf5 Rh4 51. Kxf6 Rh3 52. f4 Kh4 53. Rg7
1-0

[Event "Indywidualne Mistrzostwa Polski do lat 20"]
[Site "Osrodek „SUDETY”, Pokrzywna 75"]
[Date "1899-12-30"]
[Round "2.4"]
[White "Krawczyk, Flawian"]
[Black "Niedbala, Bartlomiej"]
[Result "1/2-1/2"]
[WhiteTitle "I++"]
[BlackTitle "FM"]
[WhiteElo "2114"]
[BlackElo "2385"]

1. d4 Nf6 2. c4 e6 3. Nf3 d5 4. g3 Bb4+ 5. Bd2 Be7 6. Bg2 O-O 7. O-O c6 8. Qc2
Nbd7 9. Rd1 a5 10. a4 Ne4 11. Be1 f5 12. Nfd2 Bf6 13. Nxe4 fxe4 14. f3 Nb6 15.
Na3 Be7 16. b3 exf3 17. exf3 Bd7 18. Qe2 Nc8 19. Nc2 Nd6 20. Bf2 Bf6 21. Ne3 Nf7
22. Ng4 Be7 23. Ne5 Nxe5 24. dxe5 Kh8 25. Rac1 Qe8 26. cxd5 exd5 27. e6 Bb4 28.
Re1 Bc8 29. Bd4 Bxe1 30. Rxe1 Qe7 31. Qe3 Re8 32. Bh3 Kg8 33. f4 b6 34. Bxb6 Rb8
35. Bd4 Qb4 36. f5 Rb7 37. f6 gxf6 38. Bxf6 Qe4 39. Qg5+ Qg6 40. Qe5 Rxb3 41.
Bf5 Qh6 42. e7 1/2-1/2

[Event "Indywidualne Mistrzostwa Polski do lat 20"]
[Site "Osrodek „SUDETY”, Pokrzywna 75"]
[Date "1899-12-30"]
[Round "2.5"]
[White "Fus, Jakub"]
[Black "Dalkowski, Rafal"]
[Result "1-0"]
[WhiteTitle "FM"]
[BlackTitle "k"]
[WhiteElo "2384"]
[BlackElo "2126"]

1. d4 Nf6 2. c4 c5 3. d5 b5 4. cxb5 a6 5. e3 axb5 6. Bxb5 Qa5+ 7. Nc3 Bb7 8. Bd2
Qb6 9. Nf3 Nxd5 10. Nxd5 Bxd5 11. a4 e6 12. Bc3 Be7 13. O-O O-O 14. Ne5 Qb7 15.
Qg4 f5 16. Qg3 Bf6 17. Rac1 Nc6 18. Nd3 Qa7 19. Bxf6 Rxf6 20. Qd6 c4 21. Bxc4
Qxa4 22. Nc5 Qb4 23. Bxd5 exd5 24. Qxd5+ Kh8 25. Qxd7 Rd8 26. Qc7 Re8 27. Nd7
1-0

[Event "Indywidualne Mistrzostwa Polski do lat 20"]
[Site "Osrodek „SUDETY”, Pokrzywna 75"]
[Date "1899-12-30"]
[Round "2.6"]
[White "Kazmierowski, Tymon"]
[Black "Chylewski, Patryk"]
[Result "0-1"]
[WhiteTitle "I++"]
[BlackTitle "FM"]
[WhiteElo "2077"]
[BlackElo "2303"]

1. e4 c5 2. Nf3 d6 3. d4 Nf6 4. Nc3 cxd4 5. Nxd4 a6 6. Be3 e5 7. Nb3 Be6 8. f3
h5 9. Qd2 Nbd7 10. Nd5 Bxd5 11. exd5 Qc7 12. Na5 g6 13. Be2 Bg7 14. O-O O-O 15.
c4 b6 16. Nc6 a5 17. Rab1 Rfe8 18. h3 Nc5 19. b3 Nfd7 20. Bd1 Nb8 21. Nxb8 Rexb8
22. a3 e4 23. Bc2 a4 24. b4 Nb3 25. Bxb3 axb3 26. fxe4 Qxc4 27. Rfc1 Qxe4 28.
Rxb3 b5 29. Re1 Rc8 30. Rd3 Qc4 31. Rc1 Qe4 32. Re1 Re8 33. Bf2 Qc4 34. Rc1 Qe4
35. Re1 Qf5 36. Rf1 Qd7 37. Rf3 f5 38. Bd4 Re4 39. Bxg7 Qxg7 40. Rg3 Rf8 41. Qd3
h4 42. Re3 Qa7 43. Rfe1 Rfe8 0-1

[Event "Indywidualne Mistrzostwa Polski do lat 20"]
[Site "Osrodek „SUDETY”, Pokrzywna 75"]
[Date "1899-12-30"]
[Round "2.7"]
[White "Luczak, Filip"]
[Black "Warchol, Kamil"]
[Result "1/2-1/2"]
[WhiteTitle "FM"]
[BlackTitle "CM"]
[WhiteElo "2273"]
[BlackElo "1956"]

1. Nf3 d5 2. g3 Nf6 3. Bg2 c6 4. O-O Bf5 5. d3 h6 6. Nbd2 e6 7. b3 Be7 8. Bb2 O-O
9. Re1 Bh7 10. e4 a5 11. a4 Na6 12. Ne5 Nc5 13. Qe2 Qc7 14. Ng4 Ncd7 15. Rad1
Rfe8 16. Nxh6+ gxh6 17. e5 c5 18. exf6 Bxf6 19. Bxf6 Nxf6 20. Nf3 Nd7 21. h4 e5
22. Nh2 Qd6 23. Qh5 Kg7 24. Ng4 Rad8 25. c4 d4 26. Be4 Bxe4 27. Rxe4 Qg6 28. Qxg6+
Kxg6 29. Rde1 f6 30. f4 h5 31. Nf2 Kf7 32. f5 Rg8 33. Kh2 Nb6 34. R4e2 Nc8 35.
Ne4 b6 36. Kh3 Rg4 37. Nf2 Rg7 38. Ne4 Rdg8 39. Rf1 Ke7 40. Rf3 1/2-1/2

[Event "Indywidualne Mistrzostwa Polski do lat 20"]
[Site "Osrodek „SUDETY”, Pokrzywna 75"]
[Date "1899-12-30"]
[Round "2.8"]
[White "Kacprzak, Karol"]
[Black "Bartoszczuk, Adam"]
[Result "1-0"]
[WhiteTitle "k"]
[BlackTitle "I"]
[WhiteElo "2226"]
[BlackElo "1380"]

1. d4 Nf6 2. Nf3 g6 3. c4 Bg7 4. Nc3 d6 5. Bf4 O-O 6. h3 c5 7. e3 a6 8. Be2 cxd4
9. exd4 Nc6 10. d5 Nb8 11. O-O Nbd7 12. Re1 Nh5 13. Be3 Nc5 14. Qd2 Qa5 15. Nd4
Nf6 16. Rab1 Qc7 17. Bf3 Ncd7 18. b3 Ne5 19. Be2 e6 20. dxe6 fxe6 21. Nf3 Nf7
22. Ng5 Bd7 23. Rbd1 Qa5 24. Bf3 Rab8 25. Nxf7 Kxf7 26. Ne2 Qxd2 27. Rxd2 Ne8
28. Ba7 Ra8 29. Bd4 Bh6 30. Rdd1 Bc6 31. Bg4 Rd8 32. Nc3 Bd7 33. Ne4 e5 34. Bxd7
exd4 35. Bxe8+ Rfxe8 36. Rxd4 Re6 37. Red1 Ke7 38. Nc5 Re2 39. Re4+ Rxe4 40. Nxe4
Ke6 41. Nc5+ Ke7 42. Nxb7 Rd7 43. Na5 Rc7 44. b4 Bg7 45. Rd3 Be5 46. g3 Ke6 47.
a4 h5 48. h4 Kf5 49. b5 Rc5 50. Rf3+ Kg4 51. Re3 axb5 52. axb5 Bf6 53. Rd3 Be5
54. Kg2 1-0

[Event "Indywidualne Mistrzostwa Polski do lat 20"]
[Site "Osrodek „SUDETY”, Pokrzywna 75"]
[Date "1899-12-30"]
[Round "2.9"]
[White "Sidorczuk, Pawel"]
[Black "Sernecki, Franciszek"]
[Result "1/2-1/2"]
[WhiteTitle "I+"]
[BlackTitle "FM"]
[WhiteElo "1887"]
[BlackElo "2220"]

1. e4 e6 2. d4 d5 3. Nc3 Bb4 4. e5 c5 5. a3 Bxc3+ 6. bxc3 Qa5 7. Bd2 Qa4 8. Nf3
Nc6 9. Qb1 c4 10. Be2 b6 11. Nh4 Bd7 12. f4 O-O-O 13. Be3 f5 14. Kd2 Nge7 15.
h3 Rdf8 16. g3 h6 17. Nf3 Be8 18. Qb2 Bh5 19. Rag1 Rhg8 20. Nh4 Bxe2 21. Kxe2
g5 22. Nf3 gxf4 23. Bxf4 h5 24. Ng5 Rg6 25. Nh7 Rh8 26. Ng5 Nd8 27. Kd2 h4 28.
Qb4 Qxb4 29. cxb4 hxg3 30. Rxg3 Rh4 31. Ke3 Kd7 32. c3 Rg8 33. Kf3 Rgh8 34. Bd2
Ng6 35. Kf2 f4 36. Rg2 Ne7 37. Kf3 Rf8 38. Rg4 Ng6 39. Be1 Rh5 40. h4 Nc6 41.
Kf2 Nce7 42. Nf3 Rff5 43. Ke2 1/2-1/2

[Event "Indywidualne Mistrzostwa Polski do lat 20"]
[Site "Osrodek „SUDETY”, Pokrzywna 75"]
[Date "1899-12-30"]
[Round "2.10"]
[White "Radzimski, Antoni"]
[Black "Wojdak, Jan"]
[Result "1/2-1/2"]
[WhiteTitle "I"]
[BlackTitle "k"]
[WhiteElo "1613"]
[BlackElo "2178"]

1. e4 c6 2. d4 d5 3. exd5 cxd5 4. Bd3 Nc6 5. c3 Qc7 6. Ne2 Bg4 7. f3 Bd7 8. Bf4
e5 9. dxe5 Nxe5 10. Bxe5 Qxe5 11. Qb3 O-O-O 12. Nd2 Bc5 13. O-O-O Ne7 14. c4 Be6
15. Nc3 Rhe8 16. Rhe1 Qc7 17. cxd5 Nxd5 18. Nb5 Qxh2 19. Ne4 Bb6 20. Bc4 Qh6+
21. Kb1 Ne3 22. Nbd6+ Kb8 23. Nxe8 Nxd1 24. Rxd1 Rxe8 25. Qb5 Rc8 26. Bxe6 Qxe6
27. Rd6 Qe7 28. Qd5 Rd8 29. a3 f6 30. Rxd8+ Bxd8 31. Nc5 Kc8 32. Qf5+ Kb8 33.
Qd5 Kc8 34. Qf5+ Kc7 35. Qd5 1/2-1/2

[Event "Indywidualne Mistrzostwa Polski do lat 20"]
[Site "Osrodek „SUDETY”, Pokrzywna 75"]
[Date "1899-12-30"]
[Round "2.11"]
[White "Golis, Wiktor"]
[Black "Kosakowski, Jakub"]
[Result "0-1"]
[WhiteTitle "I"]
[BlackTitle "IM"]
[WhiteElo "1553"]
[BlackElo "2437"]

1. e4 c5 2. Nf3 a6 3. c4 e6 4. Nc3 Qc7 5. d4 cxd4 6. Nxd4 b6 7. Bd3 Bb7 8. O-O
Nf6 9. Re1 d6 10. Nd5 Qd8 11. Qa4+ Nbd7 12. Bg5 Be7 13. Nf5 exf5 14. Nxe7 Kxe7
15. exf5+ Kf8 16. Re3 Qc7 17. Rae1 Qc6 18. Qxc6 Bxc6 19. Bf4 Ne5 20. Bxe5 dxe5
21. Rxe5 Rd8 22. Bf1 g6 23. fxg6 hxg6 24. f3 Kg7 25. c5 Nd7 26. Re7 Nxc5 27. Bc4
Bd5 0-1

[Event "Indywidualne Mistrzostwa Polski do lat 20"]
[Site "Osrodek „SUDETY”, Pokrzywna 75"]
[Date "1899-12-30"]
[Round "2.12"]
[White "Rog, Bartlomiej"]
[Black "Kozak, Antoni"]
[Result "0-1"]
[WhiteTitle "I++"]
[BlackTitle "m"]
[WhiteElo "2075"]
[BlackElo "2356"]

1. e4 c5 2. Nf3 d6 3. d4 Nf6 4. Nc3 cxd4 5. Qxd4 Bd7 6. Bg5 Nc6 7. Qd2 e6 8. O-O-O
a6 9. g4 b5 10. Bxf6 gxf6 11. h4 b4 12. Ne2 a5 13. Ned4 Nxd4 14. Nxd4 Rb8 15.
f4 a4 16. Bc4 Qc7 17. Qd3 Qc5 18. Rhe1 Bg7 19. f5 e5 20. Nf3 Ke7 21. Qd5 Qxd5
22. Bxd5 Rbc8 23. Rg1 Rc5 24. Ne1 Rb8 25. Nd3 Rc7 26. a3 bxa3 27. bxa3 Rc3 28.
Nb4 Rxa3 29. Nc6+ Bxc6 30. Bxc6 Rb6 31. Bd5 Rh3 32. Kd2 Rxh4 33. Ra1 Bh6+ 34.
Kd3 Rh3+ 35. Ke2 Rh2+ 36. Kd3 Rh3+ 37. Ke2 Rb2 38. Ra2 Rh2+ 39. Kf3 Rxa2 40. Bxa2
Rxc2 41. Bd5 Bc1 42. Rh1 h6 43. Kg3 a3 44. Kf3 Kf8 45. Rd1 Bb2 46. Rd3 Rc5 47.
Ba2 Bc3 48. Rd5 Rc7 49. Rb5 Bd4 50. Rb3 Bb2 51. Rb8+ Ke7 52. Ra8 Rc3+ 53. Kg2
Re3 54. Bd5 Bd4 55. Bc6 d5 56. Bxd5 Kd6 57. Ra6+ Kc5 58. Ra8 Kb4 59. Rb8+ Kc3
60. Rb3+ Kd2 61. Rb4 Rc3 62. Ra4 Ke3 63. Kg3 Bc5 64. Bxf7 Rc1 65. Ra6 Kxe4 66.
Rxf6 a2 67. Bxa2 Rc3+ 68. Kg2 Rc2+ 69. Kg3 Rxa2 70. Rxh6 Bf2+ 71. Kh3 Be3 72.
Rc6 Bf4 73. g5 Kxf5 74. g6 Rh2# 0-1

[Event "Indywidualne Mistrzostwa Polski do lat 20"]
[Site "Osrodek „SUDETY”, Pokrzywna 75"]
[Date "1899-12-30"]
[Round "2.13"]
[White "Fiedorek, Michal"]
[Black "Maslanka, Wojciech"]
[Result "1-0"]
[WhiteTitle "FM"]
[BlackTitle "I"]
[WhiteElo "2337"]
[BlackElo "1907"]

1. e4 c5 2. Nf3 d6 3. d4 cxd4 4. Nxd4 Nf6 5. Nc3 a6 6. h3 e5 7. Nb3 Be7 8. Be3
Be6 9. f4 exf4 10. Bxf4 Nc6 11. Qe2 O-O 12. O-O-O Qc7 13. g4 Ne5 14. g5 Nfd7 15.
Qg2 Rac8 16. Kb1 Nb6 17. h4 Qb8 18. Qg3 Rfd8 19. h5 Nec4 20. Bc1 d5 21. Qxb8 Rxb8
22. exd5 Nxd5 23. Rxd5 Na3+ 24. bxa3 Bxd5 25. Nxd5 Rxd5 26. Bc4 1-0

[Event "Indywidualne Mistrzostwa Polski do lat 20"]
[Site "Osrodek „SUDETY”, Pokrzywna 75"]
[Date "1899-12-30"]
[Round "2.14"]
[White "Koziorowicz, Michal"]
[Black "Zielonka, Adam"]
[Result "1-0"]
[WhiteTitle "k+"]
[BlackTitle "I"]
[WhiteElo "2309"]
[BlackElo "1862"]

1. e4 c5 2. Nf3 e6 3. d4 cxd4 4. Nxd4 Nc6 5. Nc3 a6 6. g3 d6 7. Bg2 Bd7 8. O-O
Nf6 9. Nxc6 Bxc6 10. Qe2 Be7 11. a4 O-O 12. Rd1 Qc7 13. Bf4 b6 14. Rd2 h6 15.
e5 dxe5 16. Bxe5 Qb7 17. Bxc6 Qxc6 18. Rad1 Rfd8 19. Rxd8+ Bxd8 20. Rd6 Qb7 21.
Rd4 Nd7 22. Rg4 Nxe5 23. Qxe5 g6 24. Ne4 Qd7 25. Rf4 b5 26. a5 Qd1+ 27. Kg2 Qxc2
28. Nc5 Bxa5 29. b4 Bd8 30. Rf3 Qc4 31. Rd3 Be7 32. Rd4 Qc2 33. Qc7 Bxc5 34. bxc5
a5 35. c6 b4 36. Qb7 b3 37. c7 b2 38. Qxa8+ Kg7 39. c8=Q Qxc8 40. Qxc8 b1=Q 41.
Rf4 e5 42. Rf3 Qa2 43. Qc6 a4 44. Qf6+ Kg8 45. Rd3 Qe6 46. Rd8+ 1-0

[Event "Indywidualne Mistrzostwa Polski do lat 20"]
[Site "Osrodek „SUDETY”, Pokrzywna 75"]
[Date "1899-12-30"]
[Round "2.15"]
[White "Kacprzak, Kacper"]
[Black "Zalega, Maciej"]
[Result "1/2-1/2"]
[WhiteTitle "k"]
[BlackTitle "I"]
[WhiteElo "2219"]
[BlackElo "1985"]

1. d4 Nf6 2. c4 g6 3. Nc3 Bg7 4. e4 d6 5. f4 O-O 6. Nf3 Na6 7. Bd3 e5 8. fxe5 dxe5
9. d5 Nc5 10. Bc2 a5 11. O-O Qe7 12. Be3 Bg4 13. h3 Bxf3 14. Qxf3 b6 15. Rad1
Ne8 16. b3 Nd6 17. Qe2 Ncb7 18. Na4 f5 19. c5 bxc5 20. Nxc5 f4 21. Nxb7 Nxb7 22.
Bc1 Qc5+ 23. Qf2 Rf6 24. Qxc5 Nxc5 25. Bb2 Rb6 26. Bc3 Nd7 27. Kf2 Bf8 28. Ke2
Bd6 29. Rf3 Kf7 30. Rff1 Kg8 1/2-1/2

[Event "Indywidualne Mistrzostwa Polski do lat 20"]
[Site "Osrodek „SUDETY”, Pokrzywna 75"]
[Date "1899-12-30"]
[Round "2.16"]
[White "Budzisz, Adrian"]
[Black "Redzisz, Michal"]
[Result "1/2-1/2"]
[WhiteTitle "I++"]
[BlackTitle "FM"]
[WhiteElo "1985"]
[BlackElo "2261"]

1. e4 c5 2. Nf3 Nc6 3. Bb5 g6 4. Bxc6 dxc6 5. d3 Bg7 6. Nc3 Nf6 7. Be3 Nd7 8. Qd2
e5 9. Bh6 Bxh6 10. Qxh6 Qe7 11. h4 Qf8 12. Qxf8+ Rxf8 13. h5 Ke7 14. O-O-O b6
15. Rdf1 Ba6 16. hxg6 hxg6 17. Rh7 Rh8 18. Rfh1 Rxh7 19. Rxh7 Nf8 20. Rh8 f6 21.
g4 g5 22. Nd1 Kf7 23. Ne3 Kg7 24. Rh5 Bc8 25. Nd2 Ng6 26. Rh2 Be6 27. Ndc4 Rd8
28. a4 Ne7 29. b3 Rd7 30. Rh1 Rd8 1/2-1/2

[Event "Indywidualne Mistrzostwa Polski do lat 20"]
[Site "Osrodek „SUDETY”, Pokrzywna 75"]
[Date "1899-12-30"]
[Round "2.17"]
[White "Maciejewski, Kamil"]
[Black "Janeczko, Jakub"]
[Result "0-1"]
[WhiteTitle "I++"]
[BlackTitle "I++"]
[WhiteElo "1884"]
[BlackElo "2091"]

1. Nf3 c5 2. c4 Nc6 3. b3 g6 4. Bb2 Nf6 5. g3 Bg7 6. Bg2 O-O 7. O-O d6 8. d4 cxd4
9. Nxd4 Nxd4 10. Qxd4 Qa5 11. Nc3 Be6 12. Qd2 Rab8 13. Rad1 Rfc8 14. e4 a6 15.
Nd5 Qxd2 16. Rxd2 Bxd5 17. exd5 b5 18. cxb5 axb5 19. Re1 Kf8 20. a3 Ne8 21. Bxg7+
Nxg7 22. Bf1 Rc3 23. Rd3 Rc2 24. Ra1 Ne8 25. Rd4 Nc7 26. Rb4 Rc5 27. a4 Rxd5 28.
axb5 Rc5 29. Ra7 Rb6 30. Rc4 Nxb5 31. Ra8+ Kg7 32. Rb4 Nc7 33. Rxb6 Nxa8 34. Rb7
Nc7 35. b4 Rc1 36. b5 Nd5 37. Kg2 Kf6 38. Rb8 Rb1 39. Bc4 Nc3 40. b6 Na4 41. b7
Nc5 42. Rf8 Rxb7 43. Rxf7+ Ke5 44. Rxh7 d5 45. Be2 d4 46. Bf3 Ra7 47. h4 Nd3 48.
Be2 Nb2 49. h5 d3 50. Bg4 gxh5 51. Rxh5+ Kd4 52. Rh8 Ra4 53. Rd8+ Kc3 54. Bf3
d2 55. Re8 Re4 56. Rc8+ Rc4 57. Re8 Re4 58. Rc8+ Kd3 59. Rd8+ Rd4 60. Re8 Rd7
61. g4 Kd4 62. Kg3 Ke5 63. Rb8 Rd3 64. Rb5+ Kf6 65. Rb6+ Kg7 66. Rxb2 d1=Q 0-1

[Event "Indywidualne Mistrzostwa Polski do lat 20"]
[Site "Osrodek „SUDETY”, Pokrzywna 75"]
[Date "1899-12-30"]
[Round "2.18"]
[White "Bojczewski, Mateusz"]
[Black "Sowinski, Pawel"]
[Result "0-1"]
[WhiteTitle "I+"]
[BlackTitle "I++"]
[WhiteElo "1868"]
[BlackElo "2075"]

1. c4 c5 2. g3 Nc6 3. Bg2 g6 4. Nc3 Bg7 5. e3 e5 6. Nge2 d6 7. b3 Nge7 8. Bb2 O-O
9. O-O Bg4 10. h3 Be6 11. Nd5 Qd7 12. Kh2 Bxd5 13. cxd5 Nb4 14. Nc3 Nd3 15. Ba3
f5 16. f3 Nb4 17. e4 a5 18. Rc1 h5 19. Qe2 h4 20. g4 fxg4 21. fxg4 Bh6 22. Bb2
Bf4+ 23. Kh1 Rab8 24. a3 Na6 25. Qb5 Qxb5 26. Nxb5 Rfd8 27. Bc3 b6 28. Rf3 Rd7
29. Bf1 Nc7 30. Nxc7 Rxc7 31. Bb5 g5 32. Rb1 Nc8 33. b4 axb4 34. axb4 Na7 35.
bxc5 bxc5 36. Bd3 Rxb1+ 37. Bxb1 Nb5 38. Bd3 Nd4 39. Rf1 c4 40. Bb1 Ra7 41. Bxd4
exd4 42. d3 c3 43. Kg2 Kf7 44. Rf2 Ke7 45. Kf3 Ra1 46. Bc2 Bd2 47. Ke2 Re1+ 48.
Kf3 Rc1 49. Ba4 Rg1 50. Ke2 Re1+ 51. Kf3 Re3+ 52. Kg2 Rxd3 53. Re2 Rg3+ 54. Kf2
d3 0-1

[Event "Indywidualne Mistrzostwa Polski do lat 20"]
[Site "Osrodek „SUDETY”, Pokrzywna 75"]
[Date "1899-12-30"]
[Round "2.19"]
[White "Karut, Kacper"]
[Black "Panek, Bartosz"]
[Result "0-1"]
[WhiteTitle "I"]
[BlackTitle "I++"]
[WhiteElo "1826"]
[BlackElo "2073"]

1. e4 c6 2. d4 d5 3. Nc3 dxe4 4. Nxe4 Bf5 5. Ng3 Bg6 6. Nh3 Nf6 7. Nf4 e5 8. dxe5
Qa5+ 9. c3 Qxe5+ 10. Be2 Bc5 11. O-O O-O 12. Qa4 b5 13. Nxg6 fxg6 14. Qb3+ Kh8
15. Bf3 Nbd7 16. Bd2 Qc7 17. Be3 Bd6 18. Rfd1 Ne5 19. Be2 Rae8 20. a4 Neg4 21.
axb5 Nxe3 22. fxe3 Bxg3 23. hxg3 Rxe3 24. Qc4 Qe5 25. bxc6 Rxe2 26. c7 Qe3+ 27.
Kh1 Qf2 28. Qxe2 Qxe2 29. Rd8 Qh5+ 30. Kg1 Qc5+ 31. Kh1 Ng4 32. Ra5 Qe7 0-1

[Event "Indywidualne Mistrzostwa Polski do lat 20"]
[Site "Osrodek „SUDETY”, Pokrzywna 75"]
[Date "1899-12-30"]
[Round "2.20"]
[White "Trybus, Daniel"]
[Black "Bartodziej, Bartosz"]
[Result "0-1"]
[WhiteTitle "k"]
[BlackTitle "I"]
[WhiteElo "2067"]
[BlackElo "1805"]

1. e4 c5 2. Nf3 d6 3. d4 cxd4 4. Nxd4 Nf6 5. Nc3 a6 6. f3 e5 7. Nb3 Be6 8. Be3
Be7 9. Qd2 Nbd7 10. g4 b5 11. Nd5 Bxd5 12. exd5 Nb6 13. Bd3 Nbxd5 14. Bf2 Nf4
15. O-O-O Nxd3+ 16. Qxd3 Rc8 17. h4 Qc7 18. Kb1 O-O 19. Be3 Rfd8 20. h5 Nd7 21.
g5 Qc4 22. Qf5 Qe6 23. Qe4 f5 24. gxf6 Nxf6 25. Qb7 d5 26. f4 Ng4 27. Ba7 Qd7
28. Qb6 Rc7 29. fxe5 Rxa7 30. Qd4 Rc7 31. Rhg1 Rc4 32. Qb6 Nxe5 33. Qxa6 Nf3 34.
Rg3 Qf5 35. Rc1 Bg5 36. Rf1 Rdc8 37. a3 Bf6 38. Rf2 Rxc2 39. Rgxf3 Rxb2+ 0-1

[Event "Indywidualne Mistrzostwa Polski do lat 20"]
[Site "Osrodek „SUDETY”, Pokrzywna 75"]
[Date "1899-12-30"]
[Round "2.21"]
[White "Bujalski, Mateusz"]
[Black "Raczek, Krzysztof"]
[Result "0-1"]
[WhiteTitle "I"]
[BlackTitle "I++"]
[WhiteElo "1802"]
[BlackElo "2029"]

1. d4 Nf6 2. Nf3 g6 3. Nbd2 Bg7 4. b3 O-O 5. Bb2 b6 6. e4 Bb7 7. Bd3 d6 8. O-O
Nbd7 9. Qe2 Nh5 10. Qe3 c5 11. e5 cxd4 12. Bxd4 dxe5 13. Nxe5 Nxe5 14. Bxe5 Nf6
15. Qe2 Rc8 16. Rad1 Qd5 17. f3 Nh5 18. Bxg7 Qc5+ 19. Qf2 Kxg7 20. Ne4 Bxe4 21.
Bxe4 Qc7 22. c4 Rfd8 23. Bc2 Qe5 24. Rfe1 Rxd1 25. Rxd1 Nf4 26. Kf1 Qa5 27. Bb1
e5 28. g3 Ne6 29. Qe3 Rd8 30. Re1 Kf6 31. a3 Qc5 32. Qxc5 bxc5 33. Be4 Rd2 34.
b4 Rxh2 35. b5 Ra2 36. Re3 Nd4 37. Ke1 Ke7 38. Kd1 Kd6 39. Kc1 Re2 40. Rxe2 Nxe2+
41. Kd2 Nxg3 42. Bd5 h5 43. Ke1 f5 44. Kf2 h4 45. a4 e4 46. fxe4 Nxe4+ 47. Kg2
g5 48. a5 Kc7 49. Be6 Nd6 50. Kh3 Kb8 51. Bd5 Nb7 52. Bxb7 Kxb7 53. Kg2 g4 54.
Kf2 f4 55. Kg2 h3+ 56. Kh2 Kc7 57. Kh1 g3 58. Kg1 f3 59. Kh1 f2 60. b6+ Kd6 0-1

[Event "Indywidualne Mistrzostwa Polski do lat 20"]
[Site "Osrodek „SUDETY”, Pokrzywna 75"]
[Date "1899-12-30"]
[Round "2.22"]
[White "Mulawa, Cyprian"]
[Black "Kocierz, Pawel"]
[Result "1-0"]
[WhiteTitle "I"]
[BlackTitle "I"]
[WhiteElo "2010"]
[BlackElo "1774"]

1. e4 c5 2. Nf3 g6 3. d4 cxd4 4. Qxd4 Nf6 5. e5 Nc6 6. Qa4 Nd5 7. Qb3 Nc7 8. Bc4
Ne6 9. Bxe6 dxe6 10. O-O Bg7 11. Bf4 O-O 12. Na3 a6 13. c4 Qc7 14. Qc3 b6 15.
Nb5 Qb8 16. Nbd4 Nxd4 17. Qxd4 Bb7 18. Rfd1 Bxf3 19. gxf3 Rd8 20. Qxd8+ Qxd8 21.
Rxd8+ Rxd8 22. Rc1 g5 23. Bxg5 Bxe5 24. Bxe7 Rd2 25. b4 Bd4 26. c5 Rxf2 27. Kh1
bxc5 28. bxc5 Be5 29. c6 Rxh2+ 30. Kg1 Rxa2 31. c7 Bxc7 32. Rxc7 Kg7 33. Bc5 Kg6
34. Bf2 h5 35. Kg2 e5 36. Rc4 Kg5 37. Kg3 f5 38. Bc5 a5 39. Be7+ Kg6 40. Bd6 f4+
41. Kh3 Rf2 42. Rc3 Kf5 43. Ra3 a4 44. Be7 e4 45. fxe4+ Kxe4 46. Rxa4+ Kf5 47.
Ra5+ Kg6 48. Bh4 Re2 49. Rg5+ Kh6 50. Rf5 Re4 51. Kg2 f3+ 52. Kh3 Re3 53. Bf2
Kg6 54. Ra5 Rb3 55. Kg3 Rc3 56. Kf4 Rb3 57. Ra6+ Kh7 58. Be3 h4 59. Kxf3 Kg7 60.
Ra4 Kg6 61. Rxh4 Kf5 62. Rh5+ Ke6 63. Ke4 Rb4+ 64. Bd4 Rb1 65. Rh6+ Kd7 66. Kd5
Rb5+ 67. Bc5 Ke8 68. Ke6 Kd8 69. Kd6 Ke8 70. Rf6 Ra5 71. Kd5 Ra1 72. Rf8+ Kd7
73. Rf7+ Ke8 74. Re7+ Kd8 75. Rh7 Re1 76. Bd6 Rd1+ 77. Ke6 Re1+ 78. Be5 Kc8 79.
Rc7+ Kd8 80. Ra7 Rc1 81. Rg7 Rc6+ 82. Bd6 Kc8 83. Rg8+ Kb7 84. Rb8+ Ka6 85. Kd5
Rc1 86. Bc5 Rh1 87. Kc6 Rh6+ 88. Bd6 Rh7 89. Rb3 Rh5 90. Rb2 Rg5 91. Rh2 Rf5 92.
Rh6 Ka5 93. Bc5 Ka4 94. Rh3 Rf6+ 95. Bd6 1-0

[Event "Indywidualne Mistrzostwa Polski do lat 20"]
[Site "Osrodek „SUDETY”, Pokrzywna 75"]
[Date "1899-12-30"]
[Round "2.23"]
[White "Marciniak, Leonard"]
[Black "Jedrusik, Adam"]
[Result "1/2-1/2"]
[WhiteTitle "I+"]
[BlackTitle "I++"]
[WhiteElo "1738"]
[BlackElo "1995"]

1. e4 c6 2. Nc3 d5 3. Nf3 Bg4 4. h3 Bxf3 5. Qxf3 e6 6. a3 Nf6 7. d3 Nbd7 8. g4
g6 9. Bg2 Bg7 10. O-O Qc7 11. d4 dxe4 12. Nxe4 Nxe4 13. Qxe4 Nf6 14. Qe2 O-O-O
15. c3 h5 16. g5 Nd5 17. Be3 Rhe8 18. Rad1 Bf8 19. c4 Nf4 20. Bxf4 Qxf4 21. Qe3
Bd6 22. Qxf4 Bxf4 23. h4 Kc7 24. Be4 Rd7 25. Rd3 Red8 26. Rfd1 c5 27. dxc5 Rxd3
28. Rxd3 Rxd3 29. Bxd3 Bc1 30. b3 Bxa3 31. Be4 Bxc5 32. Kg2 b6 33. Kg3 Kd6 34.
Kf3 Bb4 35. Bc2 Ke7 36. Bd3 Kf8 37. Bc2 Kg7 38. Be4 Bd6 39. Bc6 a5 40. Bd7 Bc5
41. Kg3 e5 42. Bc6 f6 43. gxf6+ Kxf6 44. Be4 g5 1/2-1/2